Modely osobnej spotreby SR diplomová práca

Enregistré dans:
Détails bibliographiques
Auteur principal: Gedeon, Tomáš
Collectivité auteur: Podnikovohospodárska fakulta EU so sídlom v Košiciach. Katedra hospodárskej informatiky a matematiky
Autres auteurs: Jurga, Rastislav
Format: Livre
Langue:slovaque
Publié: Košice 2010
Tags: Ajouter un tag
Pas de tags, Soyez le premier à ajouter un tag!

MARC

LEADER 00000nam$a2200000$$$4500
001 0123107
005 20240318122734.6
041 0 |a slo 
044 |a SK 
245 1 0 |a Modely osobnej spotreby SR  |b diplomová práca  |c Tomáš Gedeon ; škol. Rastislav Jurga 
264 1 |a Košice  |c 2010 
300 |a 70 s. 
100 1 |a Gedeon, Tomáš 
700 1 |a Jurga, Rastislav 
710 2 |a Podnikovohospodárska fakulta EU so sídlom v Košiciach. Katedra hospodárskej informatiky a matematiky